00416pab a2200133 454500008004000000100002400040245011400064260000900178300001300187362001200200650003700212650002000249773001300269180718b2002 xxu||||| |||| 00| 0 eng d aRout, Piyush Ranjan aUrban solid waste management in temple city Bhubaneswar: options for improvement in urban environment service c2002 ap.65-77. aJan-Mar aWaste treatment - India - Orissa aWaste treatment aNagarlok